000 00330 a2200109 4500
001 ART_3311
005 20260410161713.0
008 260409a
245 1 0 _aDecisiones de precio en alta inflación
100 1 _aFrenkel, Roberto
773 0 _tDesarrollo económico
_g- Vol. 19, Nº 75 (oct./dic. 1979)
_wREV1174
999 _c16313
_d16313